000 00256nam a22001097a 4500
008 170120b xxu||||| |||| 00| 0 eng d
020 _a9781933107837
041 _aeng
080 _24TH
_a618.2
245 _aNUTRITION FOR NURSING
_cKNIPPA, A
942 _2udc
_cBK
999 _c3315
_d3315